<?xml version="1.0" encoding="UTF-8"?>
<collection xmlns="http://www.loc.gov/MARC21/slim">
 <record>
  <leader>02859nam a22003377a 4500</leader>
  <controlfield tag="001">NCT_56778</controlfield>
  <controlfield tag="008">190109b        xxu||||| |||| 00| 0 vie d</controlfield>
  <datafield tag="999" ind1=" " ind2=" ">
   <subfield code="c">2743</subfield>
   <subfield code="d">2743</subfield>
  </datafield>
  <datafield tag="020" ind1=" " ind2=" ">
   <subfield code="a">9786049226564</subfield>
   <subfield code="c">120000</subfield>
  </datafield>
  <datafield tag="082" ind1="0" ind2="4">
   <subfield code="2">23rd ed.</subfield>
   <subfield code="a">657.48</subfield>
   <subfield code="b">C506/T.1</subfield>
  </datafield>
  <datafield tag="100" ind1="1" ind2=" ">
   <subfield code="a">Nguyễn Thị Kim Cúc</subfield>
   <subfield code="e">Chủ biên</subfield>
  </datafield>
  <datafield tag="245" ind1="1" ind2="0">
   <subfield code="a">Tài liệu học tập kế toán tài chính 1</subfield>
   <subfield code="c">Nguyễn Thị Kim Cúc, Lý Thị Bích Ngọc (chủ biên)</subfield>
  </datafield>
  <datafield tag="260" ind1=" " ind2=" ">
   <subfield code="a">Tp Hồ Chí Minh</subfield>
   <subfield code="b">Nxb. Kinh tế Hồ Chí Minh</subfield>
   <subfield code="c">2018</subfield>
  </datafield>
  <datafield tag="300" ind1=" " ind2=" ">
   <subfield code="a">250 tr.</subfield>
   <subfield code="c">27cm</subfield>
  </datafield>
  <datafield tag="520" ind1="3" ind2=" ">
   <subfield code="a">Giới thiệu về kế toán tài chính theo hệ thống quốc tế, đặc biệt là theo IFRS cập nhật đến hời điểm viết bài, tập trung chuyên sâu về kế toán tài chính trong môi trường Việt Nam dựa vào hệ thống văn bản pháp lý về kế toán.</subfield>
  </datafield>
  <datafield tag="653" ind1=" " ind2=" ">
   <subfield code="a">Tài chính - Ngân hàng</subfield>
  </datafield>
  <datafield tag="700" ind1="1" ind2=" ">
   <subfield code="a"> Lý Thị Bích Ngọc</subfield>
   <subfield code="e">Đồng chủ biên</subfield>
  </datafield>
  <datafield tag="700" ind1="1" ind2=" ">
   <subfield code="a">Đặng Ngọc Vàng</subfield>
  </datafield>
  <datafield tag="700" ind1="1" ind2=" ">
   <subfield code="a">Nguyễn Thị Thu Nguyệt</subfield>
  </datafield>
  <datafield tag="942" ind1=" " ind2=" ">
   <subfield code="2">ddc</subfield>
   <subfield code="c">BK</subfield>
  </datafield>
  <datafield tag="952" ind1=" " ind2=" ">
   <subfield code="0">0</subfield>
   <subfield code="1">0</subfield>
   <subfield code="2">ddc</subfield>
   <subfield code="4">0</subfield>
   <subfield code="6">657_480000000000000_C506_T_1</subfield>
   <subfield code="7">0</subfield>
   <subfield code="9">15115</subfield>
   <subfield code="a">000001</subfield>
   <subfield code="b">000001</subfield>
   <subfield code="d">2019-01-09</subfield>
   <subfield code="o">657.48 C506/T.1</subfield>
   <subfield code="p">MD.13899</subfield>
   <subfield code="r">2019-01-09</subfield>
   <subfield code="v">120000.00</subfield>
   <subfield code="w">2019-01-09</subfield>
   <subfield code="y">BK</subfield>
  </datafield>
  <datafield tag="952" ind1=" " ind2=" ">
   <subfield code="0">0</subfield>
   <subfield code="1">0</subfield>
   <subfield code="2">ddc</subfield>
   <subfield code="4">0</subfield>
   <subfield code="6">657_480000000000000_C506_T_1</subfield>
   <subfield code="7">0</subfield>
   <subfield code="9">15116</subfield>
   <subfield code="a">000001</subfield>
   <subfield code="b">000001</subfield>
   <subfield code="d">2019-01-09</subfield>
   <subfield code="o">657.48 C506/T.1</subfield>
   <subfield code="p">MD.13900</subfield>
   <subfield code="r">2019-01-09</subfield>
   <subfield code="v">120000.00</subfield>
   <subfield code="w">2019-01-09</subfield>
   <subfield code="y">BK</subfield>
  </datafield>
  <datafield tag="952" ind1=" " ind2=" ">
   <subfield code="0">0</subfield>
   <subfield code="1">0</subfield>
   <subfield code="2">ddc</subfield>
   <subfield code="4">0</subfield>
   <subfield code="6">657_480000000000000_C506_T_1</subfield>
   <subfield code="7">0</subfield>
   <subfield code="9">15117</subfield>
   <subfield code="a">000001</subfield>
   <subfield code="b">000001</subfield>
   <subfield code="d">2019-01-09</subfield>
   <subfield code="o">657.48 C506/T.1</subfield>
   <subfield code="p">MD.13901</subfield>
   <subfield code="r">2019-01-09</subfield>
   <subfield code="v">120000.00</subfield>
   <subfield code="w">2019-01-09</subfield>
   <subfield code="y">BK</subfield>
  </datafield>
  <datafield tag="952" ind1=" " ind2=" ">
   <subfield code="0">0</subfield>
   <subfield code="1">0</subfield>
   <subfield code="2">ddc</subfield>
   <subfield code="4">0</subfield>
   <subfield code="6">657_480000000000000_C506_T_1</subfield>
   <subfield code="7">0</subfield>
   <subfield code="9">15118</subfield>
   <subfield code="a">000001</subfield>
   <subfield code="b">000001</subfield>
   <subfield code="d">2019-01-09</subfield>
   <subfield code="o">657.48 C506/T.1</subfield>
   <subfield code="p">MD.13902</subfield>
   <subfield code="r">2019-01-09</subfield>
   <subfield code="v">120000.00</subfield>
   <subfield code="w">2019-01-09</subfield>
   <subfield code="y">BK</subfield>
  </datafield>
  <datafield tag="952" ind1=" " ind2=" ">
   <subfield code="0">0</subfield>
   <subfield code="1">0</subfield>
   <subfield code="2">ddc</subfield>
   <subfield code="4">0</subfield>
   <subfield code="6">657_480000000000000_C506_T_1</subfield>
   <subfield code="7">0</subfield>
   <subfield code="9">15119</subfield>
   <subfield code="a">000001</subfield>
   <subfield code="b">000001</subfield>
   <subfield code="d">2019-01-09</subfield>
   <subfield code="o">657.48 C506/T.1</subfield>
   <subfield code="p">MD.13903</subfield>
   <subfield code="r">2019-01-09</subfield>
   <subfield code="v">120000.00</subfield>
   <subfield code="w">2019-01-09</subfield>
   <subfield code="y">BK</subfield>
  </datafield>
  <datafield tag="952" ind1=" " ind2=" ">
   <subfield code="0">0</subfield>
   <subfield code="1">0</subfield>
   <subfield code="2">ddc</subfield>
   <subfield code="4">0</subfield>
   <subfield code="6">657_480000000000000_C506_T_1</subfield>
   <subfield code="7">0</subfield>
   <subfield code="9">15120</subfield>
   <subfield code="a">000001</subfield>
   <subfield code="b">000001</subfield>
   <subfield code="d">2019-01-09</subfield>
   <subfield code="l">1</subfield>
   <subfield code="o">657.48 C506/T.1</subfield>
   <subfield code="p">MD.13904</subfield>
   <subfield code="r">2020-03-26</subfield>
   <subfield code="s">2020-03-12</subfield>
   <subfield code="v">120000.00</subfield>
   <subfield code="w">2019-01-09</subfield>
   <subfield code="y">BK</subfield>
  </datafield>
  <datafield tag="952" ind1=" " ind2=" ">
   <subfield code="0">0</subfield>
   <subfield code="1">0</subfield>
   <subfield code="2">ddc</subfield>
   <subfield code="4">0</subfield>
   <subfield code="6">657_480000000000000_C506_T_1</subfield>
   <subfield code="7">0</subfield>
   <subfield code="9">15121</subfield>
   <subfield code="a">000001</subfield>
   <subfield code="b">000001</subfield>
   <subfield code="d">2019-01-09</subfield>
   <subfield code="o">657.48 C506/T.1</subfield>
   <subfield code="p">MD.13905</subfield>
   <subfield code="r">2019-01-09</subfield>
   <subfield code="v">120000.00</subfield>
   <subfield code="w">2019-01-09</subfield>
   <subfield code="y">BK</subfield>
  </datafield>
  <datafield tag="952" ind1=" " ind2=" ">
   <subfield code="0">0</subfield>
   <subfield code="1">0</subfield>
   <subfield code="2">ddc</subfield>
   <subfield code="4">0</subfield>
   <subfield code="6">657_480000000000000_C506_T_1</subfield>
   <subfield code="7">0</subfield>
   <subfield code="9">15122</subfield>
   <subfield code="a">000001</subfield>
   <subfield code="b">000001</subfield>
   <subfield code="d">2019-01-09</subfield>
   <subfield code="o">657.48 C506/T.1</subfield>
   <subfield code="p">MD.13906</subfield>
   <subfield code="r">2019-01-09</subfield>
   <subfield code="v">120000.00</subfield>
   <subfield code="w">2019-01-09</subfield>
   <subfield code="y">BK</subfield>
  </datafield>
  <datafield tag="952" ind1=" " ind2=" ">
   <subfield code="0">0</subfield>
   <subfield code="1">0</subfield>
   <subfield code="2">ddc</subfield>
   <subfield code="4">0</subfield>
   <subfield code="6">657_480000000000000_C506_T_1</subfield>
   <subfield code="7">0</subfield>
   <subfield code="9">15123</subfield>
   <subfield code="a">000001</subfield>
   <subfield code="b">000001</subfield>
   <subfield code="d">2019-01-09</subfield>
   <subfield code="l">1</subfield>
   <subfield code="o">657.48 C506/T.1</subfield>
   <subfield code="p">MD.13907</subfield>
   <subfield code="r">2021-01-20</subfield>
   <subfield code="s">2021-01-06</subfield>
   <subfield code="v">120000.00</subfield>
   <subfield code="w">2019-01-09</subfield>
   <subfield code="y">BK</subfield>
  </datafield>
  <datafield tag="952" ind1=" " ind2=" ">
   <subfield code="0">0</subfield>
   <subfield code="1">0</subfield>
   <subfield code="2">ddc</subfield>
   <subfield code="4">0</subfield>
   <subfield code="6">657_480000000000000_C506_T_1</subfield>
   <subfield code="7">0</subfield>
   <subfield code="9">15124</subfield>
   <subfield code="a">000001</subfield>
   <subfield code="b">000001</subfield>
   <subfield code="d">2019-01-09</subfield>
   <subfield code="o">657.48 C506/T.1</subfield>
   <subfield code="p">MD.13908</subfield>
   <subfield code="r">2019-01-09</subfield>
   <subfield code="v">120000.00</subfield>
   <subfield code="w">2019-01-09</subfield>
   <subfield code="y">BK</subfield>
  </datafield>
  <datafield tag="980" ind1=" " ind2=" ">
   <subfield code="a">Thư viện Trường Đại học Nam Cần Thơ</subfield>
  </datafield>
 </record>
</collection>
